| 000 | 00356nam a22001577a 4500 | ||
|---|---|---|---|
| 003 | SGT | ||
| 020 | _a9788131243725 | ||
| 082 |
_a616.129 _bH16M |
||
| 100 | _aMANN, DOUGLAS L. | ||
| 245 | _aHEART FAILURE: A COMPANION TO BRAUWALD'S | ||
| 250 | _a3RD | ||
| 260 |
_aINDIA _bELSEVIER PUB _c2016 |
||
| 300 | _a762 | ||
| 650 | _aCARDIOLOGY | ||
| 942 |
_2ddc _cBK |
||
| 999 |
_c21786 _d21786 |
||